| 000 | 00366nam a2200157Ia 4500 | ||
|---|---|---|---|
| 003 | 0STCL | ||
| 008 | 150530s9999 xx 000 0 und d | ||
| 040 |
_aSTCL _cSTCL |
||
| 100 | _aSimon Kuznets | ||
| 245 | _aModern economic growth rate stucture and spread | ||
| 260 | _c1979 | ||
| 546 | _aEnglish | ||
| 942 |
_2ddc _cBK |
||
| 999 |
_c12081 _d12081 |
||
| 005 | 20220125165618.0 | ||